[Event "Mauricie op"]
[Site "Trois-Rivieres CAN"]
[Date "2008.03.30"]
[Round "5"]
[White "Hebert, Jean"]
[Black "Voloaca, Mihnea"]
[Result "0-1"]
[WhiteElo "2424"]
[BlackElo "2317"]
[PlyCount "212"]
[GameId "2160767910351357"]
[EventDate "2008.03.28"]
[EventType "swiss"]
[EventRounds "5"]
[EventCountry "CAN"]
[SourceTitle "EXT 2011"]
[Source "ChessBase"]
[SourceDate "2011.11.26"]
[SourceVersion "1"]
[SourceVersionDate "2011.11.26"]
[SourceQuality "1"]

1. d4 d5 2. c4 e6 3. Nf3 c6 4. Qc2 dxc4 5. Qxc4 b5 6. Qc2 Bb7 7. a4 Nd7 8. e3 Rc8 9. Qd1 a6 10. axb5 cxb5 11. Bd3 Ngf6 12. O-O Bd6 13. Nc3 O-O 14. h3 e5 15. Ng5 Bb8 16. dxe5 Nxe5 17. Bf5 Qc7 18. f4 Rcd8 19. Qe2 Nc4 20. Nce4 Bxe4 21. Nxe4 Nxe4 22. Bxe4 Rfe8 23. Qc2 Nxe3 24. Bxh7+ Kf8 25. Bxe3 Qxc2 26. Bxc2 Rxe3 27. Rf2 Ba7 28. Kf1 Rde8 29. Rd1 R3e6 30. Rfd2 Be3 31. Re2 Bxf4 32. Rxe6 Rxe6 33. Re1 Rf6 34. Ke2 Bg3 35. Rf1 Re6+ 36. Kd2 Be5 37. Kc1 Bf6 38. Bd3 Re3 39. Rf3 Re1+ 40. Kc2 Rg1 41. Rf2 Ra1 42. Re2 Ra4 43. Be4 Rc4+ 44. Kb1 g6 45. Bb7 a5 46. Rc2 Rb4 47. Bc6 a4 48. Ka2 Be5 49. Rd2 f6 50. Bf3 Ke7 51. Bd1 Bd4 52. b3 axb3+ 53. Bxb3 Be5 54. Bd5 Bc3 55. Re2+ Kd6 56. Bf7 g5 57. Rc2 Bd4 58. Bb3 Be5 59. Rd2+ Kc5 60. Rd5+ Kb6 61. Rd2 Ka5 62. Bd5 Rf4 63. Bf3 Rc4 64. Kb1 Rb4+ 65. Ka2 Rf4 66. Kb3 Kb6 67. Rd5 Ka5 68. Rd2 Rc4 69. Ra2+ Kb6 70. Rc2 Rd4 71. Be2 Re4 72. Bd3 Re3 73. Rd2 Kc5 74. Kc2 Rg3 75. Be4 Rc3+ 76. Kb1 Re3 77. Bf3 Kb4 78. Re2 Ra3 79. Kc2 Rc3+ 80. Kb1 Ra3 81. Re4+ Kc5 82. Re2 Ra1+ 83. Kc2 b4 84. Re3 Ra2+ 85. Kd1 Bc3 86. Rd3 Rf2 87. Rd5+ Kc4 88. Rd8 Kb3 89. Ra8 Kb2 90. Rd8 b3 91. Rd3 Rc2 92. Rd7 Be5 93. Rd3 Rc4 94. Bd5 Rc1+ 95. Ke2 Bc3 96. Rd1 Rc2+ 97. Kf3 Be5 98. Rd3 Bc3 99. Rd1 Bd2 100. Ke4 Kc3 101. Bxb3 Kxb3 102. Kf5 Bc3 103. g4 Rf2+ 104. Kg6 Rh2 105. Rd3 Kc4 106. Rf3 Be5 0-1

[Event "Myriam Roy Suisse"]
[Site "Varennes CAN"]
[Date "2007.11.04"]
[Round "4"]
[White "Hebert, Jean"]
[Black "Bolduc, Steve"]
[Result "1-0"]
[WhiteElo "2427"]
[BlackElo "2261"]
[PlyCount "71"]
[GameId "2160767910574516"]
[EventDate "2007.11.02"]
[EventType "swiss"]
[EventRounds "5"]
[EventCountry "CAN"]

1. c4 Nf6 2. Nf3 e6 3. d4 b6 4. g3 Ba6 5. b3 Bb4+ 6. Bd2 Be7 7. Bg2 d5 8. Ne5 c6 9. Bc3 Nfd7 10. Nxd7 Nxd7 11. Nd2 f5 12. O-O Rc8 13. a4 O-O 14. Bb2 Bf6 15. Rc1 Nc5 16. Nf3 Ne4 17. Ba3 Re8 18. Ne5 c5 19. f3 Ng5 20. f4 cxd4 21. Qxd4 dxc4 22. Qxd8 Rexd8 23. Nc6 Nf7 24. Nxd8 Nxd8 25. bxc4 Rxc4 26. Rxc4 Bxc4 27. Bf3 Bb3 28. a5 bxa5 29. e3 a4 30. Rc1 Kf7 31. Rc7+ Kg6 32. Rxa7 e5 33. fxe5 Bxe5 34. Be7 Bb2 35. Bxd8 a3 36. Bb6 1-0

[Event "Lanaudiere"]
[Site "Repentigny CAN"]
[Date "2007.08.17"]
[Round "1"]
[White "Szalay, Karoly"]
[Black "Hebert, Jean"]
[Result "0-1"]
[WhiteElo "1965"]
[BlackElo "2422"]
[PlyCount "54"]
[GameId "2160767910579835"]
[EventDate "2007.08.17"]
[EventType "swiss"]
[EventRounds "5"]
[EventCountry "CAN"]
[SourceTitle "EXT 2022"]
[Source "ChessBase"]
[SourceDate "2021.10.06"]
[SourceVersion "1"]
[SourceVersionDate "2021.10.06"]
[SourceQuality "1"]

1. e4 d6 2. d4 g6 3. c4 Bg7 4. Nc3 e5 5. d5 a5 6. Bd3 Na6 7. g4 c6 8. Be3 Bh6 9. Bxh6 Nxh6 10. h3 f6 11. Qd2 Nf7 12. Nge2 Nc5 13. O-O-O a4 14. Bc2 Qa5 15. f4 Qb4 16. fxe5 Nxe5 17. a3 Nb3+ 18. Bxb3 Qxb3 19. Qc2 c5 20. Qxb3 axb3 21. Nb5 Ke7 22. Kd2 Ra4 23. Nc1 Nxc4+ 24. Kc3 Bd7 25. Nc7 Ne5 26. Nxb3 Rc4+ 27. Kd2 Ba4 0-1

[Event "Lanaudiere"]
[Site "Repentigny CAN"]
[Date "2007.08.18"]
[Round "2"]
[White "Hebert, Jean"]
[Black "Picard, Jean"]
[Result "1-0"]
[WhiteElo "2422"]
[BlackElo "2085"]
[PlyCount "119"]
[GameId "2160767910579840"]
[EventDate "2007.08.17"]
[EventType "swiss"]
[EventRounds "5"]
[EventCountry "CAN"]
[SourceTitle "EXT 2022"]
[Source "ChessBase"]
[SourceDate "2021.10.06"]
[SourceVersion "1"]
[SourceVersionDate "2021.10.06"]
[SourceQuality "1"]

1. d4 Nf6 2. c4 g6 3. Nc3 Bg7 4. e4 d6 5. f3 O-O 6. Be3 Nbd7 7. Nh3 c5 8. d5 a6 9. a4 Ne5 10. Nf2 e6 11. Be2 exd5 12. cxd5 Re8 13. O-O h5 14. h3 Nh7 15. f4 Qh4 16. Qe1 Qg3 17. Nfd1 Qxe1 18. Rxe1 Nd7 19. Kf1 Nhf6 20. Nf2 Nb6 21. Red1 Bf5 22. a5 Nbd7 23. Bf3 Nf8 24. Bd2 Bd7 25. Be2 Rad8 26. Re1 N8h7 27. Bc4 h4 28. Be2 Re7 29. Ra3 Rde8 30. Rb3 Bc8 31. Rb6 Rd8 32. Be3 Ree8 33. Bf3 Bf8 34. Rb3 Nd7 35. Na4 Nhf6 36. Bd2 Bg7 37. Bc3 Nh7 38. Nb6 Nxb6 39. Rxb6 Bh6 40. f5 gxf5 41. exf5 Rxe1+ 42. Kxe1 Re8+ 43. Kf1 Bf4 44. f6 Ng5 45. Bg4 Bxg4 46. hxg4 Ne4 47. Nxe4 Rxe4 48. Rxb7 Bg3 49. Rb8+ Kh7 50. Rf8 Kg6 51. Rg8+ Kh6 52. Bd2+ Bf4 53. g5+ Kh5 54. g6 fxg6 55. f7 Bxd2 56. f8=Q Rf4+ 57. Qxf4 Bxf4 58. Ra8 Be5 59. Rxa6 Bxb2 60. Rc6 1-0

[Event "Lanaudiere"]
[Site "Repentigny CAN"]
[Date "2007.08.18"]
[Round "3"]
[White "Drolet, Stephane"]
[Black "Hebert, Jean"]
[Result "0-1"]
[WhiteElo "2149"]
[BlackElo "2422"]
[PlyCount "90"]
[GameId "2160767910579846"]
[EventDate "2007.08.17"]
[EventType "swiss"]
[EventRounds "5"]
[EventCountry "CAN"]
[SourceTitle "EXT 2022"]
[Source "ChessBase"]
[SourceDate "2021.10.06"]
[SourceVersion "1"]
[SourceVersionDate "2021.10.06"]
[SourceQuality "1"]

1. Nf3 Nf6 2. d4 e6 3. Bg5 h6 4. Bh4 b6 5. Nbd2 Bb7 6. Bxf6 Qxf6 7. e4 Qd8 8. Bd3 d6 9. Qe2 Be7 10. c3 a6 11. a4 Nd7 12. O-O O-O 13. Ne1 e5 14. d5 Bg5 15. c4 a5 16. g3 Re8 17. Ng2 Nc5 18. Ra3 Bc8 19. Bc2 Bh3 20. Rc3 Qd7 21. b3 f5 22. f3 f4 23. Rd1 Rf8 24. Ne1 h5 25. Nd3 Qc8 26. Nf2 fxg3 27. hxg3 Bd7 28. Nf1 g6 29. Nh2 Qe8 30. Bd3 Qe7 31. Kh1 Qg7 32. Rg1 Qh6 33. Qa2 Be3 34. Rd1 Rf7 35. Rc2 Raf8 36. Kg2 Qg5 37. Re2 Bf4 38. Nh1 Bxg3 39. Nxg3 h4 40. Kh1 hxg3 41. Rg2 Rh7 42. Rdg1 Nxd3 43. Rxg3 Qe3 44. R1g2 Nf4 45. Rg1 Kg7 0-1

[Event "Lanaudiere"]
[Site "Repentigny CAN"]
[Date "2007.08.19"]
[Round "4"]
[White "Hebert, Jean"]
[Black "Jiang, Louie"]
[Result "1-0"]
[WhiteElo "2422"]
[BlackElo "2173"]
[PlyCount "75"]
[GameId "2160767910579853"]
[EventDate "2007.08.17"]
[EventType "swiss"]
[EventRounds "5"]
[EventCountry "CAN"]
[SourceTitle "EXT 2022"]
[Source "ChessBase"]
[SourceDate "2021.10.06"]
[SourceVersion "1"]
[SourceVersionDate "2021.10.06"]
[SourceQuality "1"]

1. d4 d5 2. c4 e6 3. Nc3 Nf6 4. Nf3 c6 5. Bg5 Nbd7 6. e3 Be7 7. Rc1 O-O 8. a3 Re8 9. Bd3 a6 10. c5 b6 11. b4 bxc5 12. bxc5 h6 13. Bf4 Nh5 14. Be5 f5 15. Qa4 Bb7 16. Rb1 Qc8 17. Qb3 Ra7 18. Na4 Bd8 19. Nb6 Bxb6 20. cxb6 Ra8 21. O-O Nhf6 22. Rfc1 Ne4 23. Bc7 Rf8 24. Qa4 c5 25. dxc5 Ndxc5 26. Qd4 Nxd3 27. Qxd3 Qe8 28. Be5 Rc8 29. Rc7 Rf7 30. Nd4 Nc5 31. Qc2 Rfxc7 32. bxc7 Qe7 33. Rb6 Rxc7 34. Bd6 Qd7 35. Bxc5 e5 36. Nxf5 Qc8 37. Qb1 Kh8 38. Nd6 1-0

[Event "CAN-ch playoff"]
[Site "Kitchener CAN"]
[Date "2007.08.06"]
[Round "1"]
[White "Hebert, Jean"]
[Black "Noritsyn, Nikolay"]
[Result "1-0"]
[WhiteElo "2391"]
[BlackElo "2336"]
[PlyCount "130"]
[GameId "2160767910579917"]
[EventDate "2007.08.06"]
[EventType "tourn"]
[EventRounds "12"]
[EventCountry "CAN"]
[SourceTitle "EXT 2022"]
[Source "ChessBase"]
[SourceDate "2021.10.06"]
[SourceVersion "1"]
[SourceVersionDate "2021.10.06"]
[SourceQuality "1"]

1. d4 Nf6 2. c4 c5 3. d5 d6 4. Nc3 g6 5. e4 Bg7 6. h3 O-O 7. Nf3 Na6 8. Bf4 Nc7 9. Be2 Nfe8 10. Qd2 a6 11. a4 e5 12. dxe6 Nxe6 13. Bh6 Bd7 14. Bxg7 Kxg7 15. Nd5 Bc6 16. O-O Nf6 17. Bd3 Re8 18. Rfe1 Kg8 19. Qc3 Nd7 20. Bf1 Bxd5 21. cxd5 Nf4 22. g3 Nh5 23. Nd2 Qf6 24. Nc4 Ne5 25. Nxe5 Qxe5 26. Bg2 b5 27. Qxe5 dxe5 28. b3 Nf6 29. Rec1 Nd7 30. axb5 axb5 31. Bf1 c4 32. bxc4 bxc4 33. Bxc4 Nf6 34. f3 Rxa1 35. Rxa1 Rc8 36. Bb5 Rc5 37. Rb1 Rc2 38. Rd1 Rb2 39. Bc6 Rc2 40. g4 g5 41. Ra1 Kg7 42. Ra7 Rd2 43. Re7 Ng8 44. Rxe5 f6 45. Re8 Kf7 46. Ra8 Ne7 47. Bd7 Kg7 48. Ra7 Kf8 49. Bf5 h5 50. Kf1 h4 51. Ke1 Rd4 52. Ke2 Ke8 53. Be6 Kd8 54. Bf5 Ke8 55. Ra1 Nxf5 56. gxf5 Ke7 57. Ke3 Rb4 58. Ra7+ Ke8 59. d6 Rb1 60. Re7+ Kf8 61. e5 Re1+ 62. Kd4 fxe5+ 63. Kd5 e4 64. fxe4 g4 65. hxg4 Kg8 1-0

[Event "CAN-ch playoff"]
[Site "Kitchener CAN"]
[Date "2007.08.06"]
[Round "2"]
[White "Noritsyn, Nikolay"]
[Black "Hebert, Jean"]
[Result "1-0"]
[WhiteElo "2336"]
[BlackElo "2391"]
[PlyCount "116"]
[GameId "2160767910579919"]
[EventDate "2007.08.06"]
[EventType "tourn"]
[EventRounds "12"]
[EventCountry "CAN"]
[SourceTitle "EXT 2022"]
[Source "ChessBase"]
[SourceDate "2021.10.06"]
[SourceVersion "1"]
[SourceVersionDate "2021.10.06"]
[SourceQuality "1"]

1. c4 e5 2. g3 Nf6 3. Bg2 c6 4. d4 exd4 5. Qxd4 d5 6. cxd5 cxd5 7. Nf3 Nc6 8. Qa4 Bb4+ 9. Nbd2 O-O 10. O-O Re8 11. Qd1 Qe7 12. e3 Bg4 13. h3 Bh5 14. a3 Bc5 15. b4 Bb6 16. g4 Bg6 17. Bb2 Rad8 18. Nb3 Be4 19. b5 Na5 20. Nxa5 Bxa5 21. Rc1 Rc8 22. Bd4 Bxf3 23. Qxf3 Ne4 24. Rxc8 Rxc8 25. Qf5 Qe6 26. Bxe4 dxe4 27. Qxe6 fxe6 28. Rd1 a6 29. bxa6 bxa6 30. Rb1 Kf7 31. Be5 Kf8 32. a4 h6 33. Rb7 Bc3 34. Bxc3 Rxc3 35. Rb6 a5 36. Rb5 Kf7 37. Rxa5 Ra3 38. Kg2 g5 39. Kg3 Kf6 40. h4 gxh4+ 41. Kxh4 Ra2 42. Kg3 Kf7 43. Ra8 Kg7 44. Kg2 Kf6 45. Kg3 Kg7 46. a5 e5 47. a6 Kh7 48. a7 Kg7 49. Kg2 Kh7 50. Kf1 Kg7 51. Ke1 Ra6 52. Kd2 Rd6+ 53. Kc3 Kh7 54. Kc4 Rd7 55. Kc5 Kg7 56. Kc6 Rf7 57. Kd5 Kf6 58. Kxe4 Ke6 1-0

[Event "CAN-ch playoff"]
[Site "Kitchener CAN"]
[Date "2007.08.06"]
[Round "3"]
[White "Noritsyn, Nikolay"]
[Black "Hebert, Jean"]
[Result "1-0"]
[WhiteElo "2336"]
[BlackElo "2391"]
[PlyCount "63"]
[GameId "2160767910579921"]
[EventDate "2007.08.06"]
[EventType "tourn"]
[EventRounds "12"]
[EventCountry "CAN"]
[SourceTitle "EXT 2022"]
[Source "ChessBase"]
[SourceDate "2021.10.06"]
[SourceVersion "1"]
[SourceVersionDate "2021.10.06"]
[SourceQuality "1"]

1. Nf3 Nf6 2. c4 c5 3. Nc3 e6 4. g3 b6 5. Bg2 Bb7 6. O-O d6 7. Re1 a6 8. e4 Nbd7 9. d4 cxd4 10. Nxd4 Rc8 11. e5 Bxg2 12. exf6 Bh3 13. Qh5 Qxf6 14. Be3 Rxc4 15. Qxh3 Rxd4 16. Bxd4 Qxd4 17. Rad1 Qc4 18. Qg2 Qc8 19. Ne4 d5 20. Rxd5 Bb4 21. Nd6+ Bxd6 22. Rxd6 O-O 23. Qc6 Nf6 24. Qxc8 Rxc8 25. Rxb6 a5 26. Rb5 h6 27. Rxa5 Rc2 28. Rb5 Ng4 29. Rf1 f6 30. h3 Ne5 31. a4 Nc4 32. Rc5 1-0

[Event "CAN-ch playoff"]
[Site "Kitchener CAN"]
[Date "2007.08.06"]
[Round "4"]
[White "Hebert, Jean"]
[Black "Noritsyn, Nikolay"]
[Result "1-0"]
[WhiteElo "2391"]
[BlackElo "2336"]
[PlyCount "130"]
[GameId "2160767910579922"]
[EventDate "2007.08.06"]
[EventType "tourn"]
[EventRounds "12"]
[EventCountry "CAN"]
[SourceTitle "EXT 2022"]
[Source "ChessBase"]
[SourceDate "2021.10.06"]
[SourceVersion "1"]
[SourceVersionDate "2021.10.06"]
[SourceQuality "1"]

1. d4 Nf6 2. c4 c5 3. d5 d6 4. Nc3 g6 5. e4 Bg7 6. h3 O-O 7. Nf3 e6 8. Bd3 Na6 9. dxe6 Bxe6 10. O-O Re8 11. Bf4 Qb6 12. Rb1 Rad8 13. a3 Nb8 14. b4 cxb4 15. axb4 Nbd7 16. Be3 Qc6 17. Nd4 Qc8 18. Ncb5 Ne5 19. Nxe6 Rxe6 20. Nxa7 Qd7 21. f3 Nh5 22. Nb5 Nxd3 23. Qxd3 f5 24. exf5 gxf5 25. Nd4 Bxd4 26. Qxd4 Rde8 27. Bf2 Qg7 28. Qxg7+ Kxg7 29. Rfd1 Nf4 30. Kf1 Kf7 31. Rb2 Rc8 32. c5 dxc5 33. bxc5 Rg6 34. Be3 Ne6 35. Rxb7+ Kg8 36. h4 f4 37. Bf2 Rf6 38. Rd5 Nd8 39. Rg5+ Rg6 40. Rd7 Rxg5 41. hxg5 Ne6 42. Rd5 Kf7 43. Rf5+ Ke7 44. Re5 Kf7 45. Rd5 Ra8 46. c6 Ra1+ 47. Ke2 Rc1 48. Rd7+ Kg6 49. Rd6 Kf5 50. Kd2 Rc4 51. Rd7 Rxc6 52. Rxh7 Nxg5 53. Rd7 Ne6 54. Bh4 Ra6 55. Ke1 Ra1+ 56. Kf2 Ra2+ 57. Kg1 Ra1+ 58. Kh2 Ke5 59. Rf7 Ra8 60. Bf6+ Kd6 61. Rh7 Rg8 62. Bh4 Ke5 63. Rh5+ Kd6 64. Kh3 Nd4 65. Rg5 Rf8 1-0

[Event "CAN-ch playoff"]
[Site "Kitchener CAN"]
[Date "2007.08.06"]
[Round "5"]
[White "Noritsyn, Nikolay"]
[Black "Hebert, Jean"]
[Result "1/2-1/2"]
[WhiteElo "2336"]
[BlackElo "2391"]
[PlyCount "77"]
[GameId "2160767910579923"]
[EventDate "2007.08.06"]
[EventType "tourn"]
[EventRounds "12"]
[EventCountry "CAN"]
[SourceTitle "EXT 2022"]
[Source "ChessBase"]
[SourceDate "2021.10.06"]
[SourceVersion "1"]
[SourceVersionDate "2021.10.06"]
[SourceQuality "1"]

1. c4 Nf6 2. Nc3 e6 3. e4 d5 4. e5 d4 5. exf6 dxc3 6. bxc3 Qxf6 7. Nf3 c5 8. Bd3 Nc6 9. O-O Bd6 10. Re1 O-O 11. Be4 Rd8 12. Rb1 h6 13. d4 Bf4 14. Bb2 Bd7 15. Qe2 Rac8 16. Red1 Na5 17. Bd3 Ba4 18. Re1 b6 19. Qe4 g6 20. Qe2 Bc6 21. Ne5 Bxe5 22. Qxe5 Qxe5 23. Rxe5 Ba4 24. d5 exd5 25. cxd5 c4 26. Bf1 Bc2 27. Rbe1 Kg7 28. Ba3 Rd7 29. g3 Bd3 30. Bh3 f5 31. Re7+ Rxe7 32. Rxe7+ Kf6 33. Rxa7 Re8 34. Kg2 Re1 35. g4 f4 36. f3 Re2+ 37. Kg1 Re1+ 38. Kg2 Re2+ 39. Kg1 1/2-1/2

[Event "CAN-ch playoff"]
[Site "Kitchener CAN"]
[Date "2007.08.06"]
[Round "6"]
[White "Hebert, Jean"]
[Black "Noritsyn, Nikolay"]
[Result "1/2-1/2"]
[WhiteElo "2391"]
[BlackElo "2336"]
[PlyCount "130"]
[GameId "2160767910579924"]
[EventDate "2007.08.06"]
[EventType "tourn"]
[EventRounds "12"]
[EventCountry "CAN"]
[SourceTitle "EXT 2022"]
[Source "ChessBase"]
[SourceDate "2021.10.06"]
[SourceVersion "1"]
[SourceVersionDate "2021.10.06"]
[SourceQuality "1"]

1. d4 Nf6 2. c4 c5 3. d5 a6 4. Nf3 d6 5. Nc3 e5 6. dxe6 fxe6 7. Bf4 Nc6 8. e3 Be7 9. Be2 O-O 10. O-O Nh5 11. Bg3 Nxg3 12. hxg3 Bf6 13. Qc2 Qe7 14. Rad1 Rd8 15. a3 b6 16. Nd2 Bb7 17. Bf3 Rac8 18. Nde4 Rb8 19. Nxf6+ Qxf6 20. Rd2 Ne5 21. Bxb7 Rxb7 22. Qe4 Rbd7 23. Rfd1 Qe7 24. Na4 Nxc4 25. Qxc4 b5 26. Qc2 bxa4 27. Qxa4 d5 28. Qxa6 c4 29. Qa5 Rb7 30. Qc3 Rb3 31. Qe5 Qf6 32. Qxf6 gxf6 33. e4 c3 34. bxc3 Rxa3 35. c4 Ra4 36. exd5 Rxc4 37. dxe6 Rxd2 38. Rxd2 Re4 39. Rd8+ Kg7 40. Rd7+ Kg6 41. e7 Re1+ 42. Kh2 Kf7 43. g4 Ke8 44. Ra7 h6 45. Kg3 Re5 46. f3 h5 47. f4 Rb5 48. gxh5 Rxh5 49. Kg4 Rb5 50. g3 Kf7 51. f5 Rb1 52. e8=Q+ Kxe8 53. Kh5 Rg1 54. g4 Rg2 55. Kg6 Rxg4+ 56. Kxf6 Rh4 57. Ra8+ Kd7 58. Kg7 Rg4+ 59. Kf7 Rh4 60. Rg8 Kd6 61. f6 Ra4 62. Rd8+ Ke5 63. Re8+ Kf5 64. Re1 Ra7+ 65. Re7 Ra6 1/2-1/2

[Event "CAN-ch playoff"]
[Site "Kitchener CAN"]
[Date "2007.08.06"]
[Round "7"]
[White "Noritsyn, Nikolay"]
[Black "Hebert, Jean"]
[Result "1-0"]
[WhiteElo "2336"]
[BlackElo "2391"]
[PlyCount "120"]
[GameId "2160767910579925"]
[EventDate "2007.08.06"]
[EventType "tourn"]
[EventRounds "12"]
[EventCountry "CAN"]
[SourceTitle "EXT 2022"]
[Source "ChessBase"]
[SourceDate "2021.10.06"]
[SourceVersion "1"]
[SourceVersionDate "2021.10.06"]
[SourceQuality "1"]

1. c4 Nf6 2. Nc3 c5 3. g3 d5 4. cxd5 Nxd5 5. Bg2 Nc7 6. d3 g6 7. Be3 Ne6 8. Nf3 Nc6 9. Qd2 Bg7 10. Bh6 O-O 11. h4 Ncd4 12. h5 Bxh6 13. Qxh6 Nf5 14. Qd2 Ned4 15. hxg6 fxg6 16. Nxd4 Qxd4 17. Ne4 Nd6 18. e3 Qe5 19. f4 Nxe4 20. Bxe4 Qd6 21. Rc1 Bf5 22. Qc3 Bxe4 23. dxe4 Rad8 24. Ke2 Qa6+ 25. Qc4+ Qxc4+ 26. Rxc4 b6 27. e5 Rd7 28. Rd1 Rfd8 29. Rxd7 Rxd7 30. b4 cxb4 31. Rxb4 Kf7 32. Kf3 h5 33. Rc4 e6 34. Rc8 Rb7 35. a4 Rd7 36. Ra8 Rc7 37. g4 h4 38. Rh8 Kg7 39. Ra8 Kh6 40. g5+ Kg7 41. Kg4 a5 42. Rb8 Rc4 43. Rxb6 Kf7 44. Rb7+ Kf8 45. Kxh4 Rxa4 46. Kg4 Rb4 47. Ra7 a4 48. Kf3 Rc4 49. Ke2 Rb4 50. Kd3 Ke8 51. Kc3 Re4 52. Kd3 Rb4 53. Rg7 Kf8 54. Rxg6 a3 55. Rxe6 Ra4 56. Rc6 a2 57. Rc1 Ra3+ 58. Ke4 Ra4+ 59. Kf5 Rb4 60. Ra1 Rb2 1-0

[Event "CAN-ch playoff"]
[Site "Kitchener CAN"]
[Date "2007.08.06"]
[Round "8"]
[White "Hebert, Jean"]
[Black "Noritsyn, Nikolay"]
[Result "1-0"]
[WhiteElo "2391"]
[BlackElo "2336"]
[PlyCount "36"]
[GameId "2160767910579926"]
[EventDate "2007.08.06"]
[EventType "tourn"]
[EventRounds "12"]
[EventCountry "CAN"]
[SourceTitle "EXT 2022"]
[Source "ChessBase"]
[SourceDate "2021.10.06"]
[SourceVersion "1"]
[SourceVersionDate "2021.10.06"]
[SourceQuality "1"]

1. d4 Nf6 2. d5 e5 3. Nc3 d6 4. e4 Be7 5. Bd3 Nbd7 6. Nf3 O-O 7. h3 Ne8 8. g4 a6 9. a4 Rb8 10. Rg1 a5 11. Ne2 g6 12. Bg5 h5 13. h4 f6 14. Nf4 exf4 15. Be2 Ne5 16. Qd4 Kf7 17. Nh2 Nxg4 18. Bd1 Kg8 1-0

[Event "CAN-ch playoff"]
[Site "Kitchener CAN"]
[Date "2007.08.06"]
[Round "9"]
[White "Noritsyn, Nikolay"]
[Black "Hebert, Jean"]
[Result "1-0"]
[WhiteElo "2336"]
[BlackElo "2391"]
[PlyCount "89"]
[GameId "2160767910579927"]
[EventDate "2007.08.06"]
[EventType "tourn"]
[EventRounds "12"]
[EventCountry "CAN"]
[SourceTitle "EXT 2022"]
[Source "ChessBase"]
[SourceDate "2021.10.06"]
[SourceVersion "1"]
[SourceVersionDate "2021.10.06"]
[SourceQuality "1"]

1. c4 c6 2. e4 d5 3. cxd5 cxd5 4. exd5 Qxd5 5. Nc3 Qd8 6. d4 Nf6 7. Nf3 g6 8. Bc4 Bg7 9. h3 O-O 10. O-O Nc6 11. Re1 b6 12. Be3 Bb7 13. Qe2 Na5 14. Bd3 Rc8 15. Rac1 Nd5 16. Bg5 Nxc3 17. bxc3 Re8 18. Bh4 Qd7 19. Ne5 Qd5 20. f3 Bxe5 21. dxe5 Qe6 22. Red1 Bd5 23. Rd2 Bc4 24. Rcd1 Bxd3 25. Rxd3 Nc6 26. Bg3 Qc4 27. Qd2 Qc5+ 28. Kh2 Red8 29. Qe2 Rxd3 30. Rxd3 Nd8 31. Rd7 Ne6 32. Rxa7 Qxc3 33. Rxe7 Qc2 34. Qxc2 Rxc2 35. Re8+ Kg7 36. Ra8 Nd4 37. Bf4 Nxf3+ 38. Kg3 Nd4 39. Bg5 Nf5+ 40. Kh2 Nd4 41. Kg1 Ne2+ 42. Kh2 Nd4 43. Bf6+ Kh6 44. Kg1 Kh5 45. Rh8 1-0

[Event "CAN-ch playoff"]
[Site "Kitchener CAN"]
[Date "2007.08.06"]
[Round "10"]
[White "Hebert, Jean"]
[Black "Noritsyn, Nikolay"]
[Result "0-1"]
[WhiteElo "2391"]
[BlackElo "2336"]
[PlyCount "82"]
[GameId "2160767910579928"]
[EventDate "2007.08.06"]
[EventType "tourn"]
[EventRounds "12"]
[EventCountry "CAN"]
[SourceTitle "EXT 2022"]
[Source "ChessBase"]
[SourceDate "2021.10.06"]
[SourceVersion "1"]
[SourceVersionDate "2021.10.06"]
[SourceQuality "1"]

1. d4 d5 2. c4 e6 3. Nc3 Be7 4. cxd5 exd5 5. Bf4 c6 6. e3 Bf5 7. g4 Be6 8. Bd3 Nd7 9. h3 Nf8 10. Nf3 Ng6 11. Bg3 Bd6 12. Bxd6 Qxd6 13. Qc2 N8e7 14. O-O-O h5 15. g5 h4 16. Kb1 Qd7 17. Ne5 Nxe5 18. dxe5 g6 19. Bf1 Qc7 20. f4 O-O-O 21. Ka1 Kb8 22. Rc1 Nf5 23. Qf2 Qb6 24. Re1 d4 25. exd4 Rxd4 26. Rh2 Rhd8 27. Rc1 Qb4 28. Qc2 Rxf4 29. Rd2 Rfd4 30. Rf2 Ne3 31. Qb1 Bf5 32. Rxf5 Nxf5 33. Be2 Rd2 34. Bg4 Ne3 35. e6 Nxg4 36. hxg4 fxe6 37. Re1 Qxg4 38. a3 Qxg5 39. Rxe6 Qf5 40. Qe1 Qc2 41. Qe5+ Ka8 0-1

[Event "CAN-ch"]
[Site "Kitchener CAN"]
[Date "2007.08.01"]
[Round "1"]
[White "Hebert, Jean"]
[Black "Predescu, Sebastian"]
[Result "1/2-1/2"]
[WhiteElo "2391"]
[BlackElo "2236"]
[PlyCount "71"]
[GameId "2160767910579990"]
[EventDate "2007.08.01"]
[EventType "swiss"]
[EventRounds "9"]
[EventCountry "CAN"]
[SourceTitle "EXT 2022"]
[Source "ChessBase"]
[SourceDate "2021.10.06"]
[SourceVersion "1"]
[SourceVersionDate "2021.10.06"]
[SourceQuality "1"]

1. Nf3 Nf6 2. c4 g6 3. Nc3 Bg7 4. e4 d6 5. d4 O-O 6. Be2 e5 7. Be3 Na6 8. d5 Ng4 9. Bg5 f6 10. Bh4 Qe8 11. h3 Nh6 12. g4 f5 13. gxf5 gxf5 14. Rg1 Kh8 15. Qd2 f4 16. O-O-O Bf6 17. Bxf6+ Rxf6 18. Ng5 c6 19. dxc6 bxc6 20. Qxd6 Rxd6 21. Rxd6 Kg7 22. c5 Nxc5 23. Ne6+ Kh8 24. Nxc5 Nf7 25. Bh5 Bxh3 26. Rf6 Qe7 27. Rxf7 Qxc5 28. Rgg7 Qxf2 29. Rxh7+ Kg8 30. Rfg7+ Kf8 31. Rg5 Qe3+ 32. Kc2 Qf2+ 33. Kc1 Qe3+ 34. Kc2 Qf2+ 35. Kb1 Qe1+ 36. Kc2 1/2-1/2

[Event "CAN-ch"]
[Site "Kitchener CAN"]
[Date "2007.08.01"]
[Round "2"]
[White "Jung, Hans"]
[Black "Hebert, Jean"]
[Result "0-1"]
[WhiteElo "2185"]
[BlackElo "2391"]
[PlyCount "152"]
[GameId "2160767910580008"]
[EventDate "2007.08.01"]
[EventType "swiss"]
[EventRounds "9"]
[EventCountry "CAN"]
[SourceTitle "EXT 2022"]
[Source "ChessBase"]
[SourceDate "2021.10.06"]
[SourceVersion "1"]
[SourceVersionDate "2021.10.06"]
[SourceQuality "1"]

1. e4 d6 2. d4 g6 3. Nc3 c6 4. h3 Nd7 5. Nf3 Bg7 6. Be3 Qc7 7. Qd2 b5 8. Bd3 Ngf6 9. Bh6 O-O 10. Bxg7 Kxg7 11. O-O e5 12. dxe5 dxe5 13. a3 Re8 14. Ne2 Nc5 15. Ng3 h6 16. b4 Ne6 17. Qc3 Nd7 18. a4 f6 19. Ra3 a6 20. Rd1 Nb6 21. axb5 cxb5 22. Qxc7+ Nxc7 23. Rc3 Ne6 24. Rc6 Na4 25. Bf1 Re7 26. Rdd6 Kf7 27. Nh4 Nb2 28. c3 Rea7 29. Rd2 Nc4 30. Bxc4 bxc4 31. Rxc4 Bd7 32. b5 Bxb5 33. Rb4 Rc8 34. Rd6 Nf4 35. Nf1 Ne2+ 36. Kh2 Nxc3 37. Ne3 Bd7 38. Rbb6 Nxe4 39. Rxa6 Rcc7 40. Rdb6 Rxa6 41. Rxa6 Bc6 42. Ra2 Rd7 43. Rc2 Bb7 44. Nf3 Nd6 45. Nd2 Nb5 46. Rb2 Nc3 47. Ndc4 Ba6 48. Rb6 Bxc4 49. Nxc4 Ke7 50. Ne3 h5 51. Rb2 Ne4 52. Kg1 Kf7 53. f3 Nc5 54. Rc2 Ne6 55. Ra2 Rb7 56. Nd5 Rd7 57. Nb6 Rd1+ 58. Kf2 Nf4 59. Nc4 Rd7 60. Ne3 h4 61. Nc4 Nd3+ 62. Ke3 Nb4 63. Rb2 Nd5+ 64. Kf2 Rc7 65. Rb7 Rxb7 66. Nd6+ Ke6 67. Nxb7 Nf4 68. Nc5+ Kd5 69. Nd7 f5 70. Nb6+ Kd4 71. Nd7 e4 72. fxe4 fxe4 73. Nf6 e3+ 74. Kf3 e2 75. Kf2 Kd3 76. Ke1 Nxg2+ 0-1